[Event "AUS-ch U18"]
[Site "Gold Coast"]
[Date "2020.01.22"]
[Round "5"]
[White "Morris, Byron"]
[Black "Salasan, Haran"]
[Result "1-0"]
[WhiteElo "1797"]
[BlackElo "1895"]
[PlyCount "79"]
[EventDate "2020.01.18"]
[EventType "swiss"]
[EventRounds "9"]
[EventCountry "AUS"]
[SourceTitle "EXT 2021"]
[Source "ChessBase"]
[SourceDate "2020.10.23"]
[SourceVersion "1"]
[SourceVersionDate "2020.10.23"]
[SourceQuality "1"]

1. e4 e6 2. d4 d5 3. Nc3 Nf6 4. e5 Nfd7 5. f4 c5 6. Nf3 Nc6 7. Ne2 Be7 8. c3 a6 9. Be3 b5 10. Ng3 Qc7 11. Bd3 cxd4 12. cxd4 Nb6 13. b3 Nb4 14. Rc1 Nxd3+ 15. Qxd3 Bb4+ 16. Kf2 Qd7 17. Nh5 Kf8 18. Bd2 Be7 19. Ba5 Rb8 20. Rc2 Na8 21. Rhc1 Ba3 22. Bc7 Nxc7 23. Rxc7 Qd8 24. Ng5 Bd7 25. Nxh7+ Kg8 26. N7f6+ gxf6 27. Qg3+ Kf8 28. Qg7+ Ke7 29. Qxf6+ Kf8 30. Qxh8+ Ke7 31. Qf6+ Ke8 32. R1c3 Bf8 33. Qxd8+ Kxd8 34. Nf6 Bc8 35. Rxf7 Bb4 36. Rg3 Be7 37. Rg8+ Kc7 38. Rxe7+ Kb6 39. Nd7+ Bxd7 40. Rxb8+ 1-0

[Event "Bangkok Cha Am op 19th"]
[Site "Bangkok"]
[Date "2019.04.06"]
[Round "1"]
[White "Kunte, Abhijit"]
[Black "Morris, Byron"]
[Result "1-0"]
[WhiteElo "2485"]
[BlackElo "1799"]
[PlyCount "35"]
[EventDate "2019.04.06"]
[EventType "swiss"]
[EventRounds "9"]
[EventCountry "THA"]
[SourceTitle "CBM 189 Extra"]
[Source "ChessBase"]
[SourceDate "2019.06.03"]
[SourceVersion "1"]
[SourceVersionDate "2019.06.03"]
[SourceQuality "1"]

1. d4 d5 2. c4 e6 3. Nf3 Nf6 4. g3 Bb4+ 5. Nbd2 0-0 6. Bg2 Nbd7 7. 0-0 b6 8. cxd5 exd5 9. Ne5 Bb7 10. Ndf3 Be7 11. Bf4 c5 12. Rc1 Ne4 13. Qa4 Nxe5 14. Nxe5 f6 15. Nd7 Re8 16. Bxe4 dxe4 17. dxc5 bxc5 18. Qb3+ 1-0

[Event "Wch U12"]
[Site "Pocos de Caldas"]
[Date "2017.08.28"]
[Round "8"]
[White "Manish, Anto Cristiano F"]
[Black "Morris, Byron"]
[Result "1-0"]
[WhiteElo "1851"]
[BlackElo "1483"]
[PlyCount "73"]
[EventDate "2017.08.22"]
[EventType "swiss"]
[EventRounds "11"]
[EventCountry "BRA"]
[SourceTitle "CBM 180 Extra"]
[Source "ChessBase"]
[SourceDate "2017.10.06"]
[SourceVersion "1"]
[SourceVersionDate "2017.10.06"]
[SourceQuality "1"]

1. e4 d5 2. exd5 Nf6 3. Nf3 Bg4 4. h3 Bh5 5. Bb5+ Nbd7 6. c4 Rb8 7. Nc3 Qc8 8. d4 c6 9. dxc6 bxc6 10. Ba4 Nb6 11. Bb3 e6 12. Bf4 Rb7 13. 0-0 h6 14. g4 Bg6 15. Ne5 Nfd7 16. Nxg6 fxg6 17. Qd3 Kf7 18. Rae1 Be7 19. d5 Nc5 20. dxe6+ Qxe6 21. Qg3 Qc8 22. Rxe7+ Rxe7 23. Bd6 Nxb3 24. Qf4+ Ke8 25. Bxe7 Qe6 26. Bb4 c5 27. Nb5 Qf6 28. Qb8+ Qd8 29. Re1+ Kf7 30. Qxa7+ Kg8 31. Bc3 Nd4 32. Nxd4 cxd4 33. Ba5 Nc8 34. Bxd8 Nxa7 35. Bb6 Nc6 36. Re6 Nb4 37. Bxd4 1-0

[Event "Wch U12"]
[Site "Pocos de Caldas"]
[Date "2017.08.22"]
[Round "1"]
[White "Morris, Byron"]
[Black "Chasin, Nico Werner"]
[Result "0-1"]
[WhiteElo "1483"]
[BlackElo "2022"]
[PlyCount "59"]
[EventDate "2017.08.22"]
[EventType "swiss"]
[EventRounds "11"]
[EventCountry "BRA"]
[SourceTitle "CBM 180 Extra"]
[Source "ChessBase"]
[SourceDate "2017.10.06"]
[SourceVersion "1"]
[SourceVersionDate "2017.10.06"]
[SourceQuality "1"]

1. Nf3 Nf6 2. g3 c6 3. Bg2 d5 4. 0-0 Bg4 5. d3 Nbd7 6. Nbd2 e6 7. e4 Bd6 8. Re1 Bc7 9. h3 Bh5 10. g4 Bg6 11. e5 Ng8 12. d4 Qe7 13. c4 0-0-0 14. Qa4 Kb8 15. c5 f6 16. exf6 gxf6 17. Nb3 h5 18. g5 fxg5 19. Nxg5 e5 20. Na5 Qf6 21. Re3 Ne7 22. Ra3 Rdf8 23. f3 Nc8 24. Nb3 exd4 25. Qxd4 Qe7 26. Bd2 Be5 27. Qf2 Qf6 28. Bc1 h4 29. Ra4 Rh5 30. f4 0-1